Top 500 Girl Names of 2000 (USA) - Statistics

General Stats
  • This quiz has been taken 260 times
  • The average score is 224 of 500
Answer Stats
Hint Answer % Correct
A Anne
98%
A Ana
96%
A Ann
94%
E Emma
93%
L Leah
93%
E Emely
91%
E Emilee
91%
E Emilie
91%
E Emily
91%
E Elisabeth
88%
E Eliza
88%
E Elizabeth
88%
J Jessica
88%
H Hannah
87%
M Marie
87%
M Mary
87%
S Sara
87%
S Sarah
87%
A Anna
86%
H Hanna
84%
L Lizbeth
84%
O Olivia
84%
J Jennifer
82%
K Katie
82%
L Laura
82%
C Catherine
79%
K Katherine
79%
K Kathryn
79%
E Ella
77%
A Abigail
76%
A Alexa
76%
A Alexandra
76%
J Julie
76%
K Kate
76%
L Lauren
76%
L Lauryn
76%
M Maria
76%
A Alison
75%
A Allison
75%
A Allyson
75%
A Alyson
75%
A Ashlee
75%
A Ashleigh
75%
A Ashley
75%
I Isabel
75%
I Isabelle
75%
J Julia
75%
R Rachael
75%
R Rachel
75%
V Victoria
75%
A Amy
74%
A Amanda
73%
J Jane
73%
A Abbey
72%
A Alice
72%
A Allie
72%
G Grace
72%
G Gracie
72%
K Kristen
71%
K Kristin
71%
S Samantha
71%
A Alejandra
70%
M Maddison
70%
M Madison
70%
M Madisyn
70%
R Rose
70%
A Abby
69%
K Kimberly
69%
M Madyson
69%
S Sofia
69%
S Sophia
69%
C Charlotte
68%
E Ellen
68%
M Mia
68%
A Amber
67%
A Amelia
67%
A Ava
67%
C Chloe
67%
I Isabella
67%
M Meagan
67%
M Megan
67%
M Meghan
67%
A Alicia
66%
A Alisha
66%
A Ariana
66%
B Breanna
66%
B Briana
66%
B Brianna
66%
B Bryanna
66%
M Molly
66%
N Natalie
66%
N Nichole
66%
N Nicole
66%
T Taylor
66%
A Alexis
65%
A Alexus
65%
C Caroline
65%
H Hailee
65%
R Rebecca
65%
R Rebekah
65%
S Stephanie
65%
H Hailey
64%
H Haley
64%
H Hayley
64%
J Jenna
64%
L Lilly
64%
L Lily
64%
M Melissa
64%
M Michelle
64%
A Angel
63%
A Arianna
63%
C Christina
63%
C Cristina
63%
E Ellie
63%
J Joanna
63%
J Johanna
63%
K Kristina
63%
M Madalyn
63%
M Madeleine
63%
M Madeline
63%
M Madelyn
63%
M Margaret
63%
S Sophie
63%
B Brooke
62%
D Danielle
62%
E Eva
62%
H Holly
62%
K Kaila
62%
K Karen
62%
K Katlyn
62%
A Audrey
61%
C Caitlin
61%
C Caitlyn
61%
K Kaitlin
61%
K Kaitlyn
61%
K Kaitlynn
61%
K Katelyn
61%
K Katelynn
61%
K Kylie
61%
J Jessie
60%
K Kiley
60%
K Kylee
60%
R Rosa
60%
D Diana
59%
E Erin
59%
H Haleigh
59%
H Haylee
59%
J Jade
59%
K Kayla
59%
K Kelly
59%
L Lisa
59%
A Annie
58%
B Britney
58%
B Brittany
58%
B Brittney
58%
E Evelyn
58%
H Helen
58%
H Hope
58%
J Jasmin
58%
J Jasmine
58%
J Jazmin
58%
J Jazmine
58%
J Jenny
58%
L Lucy
58%
N Nina
58%
A Alexandria
57%
A Alissa
57%
J Jaclyn
57%
L Lillian
57%
R Rylee
57%
A Alyssa
56%
A Angela
56%
A Autumn
56%
J Jacqueline
56%
J Jaqueline
56%
M Mya
56%
R Riley
56%
T Tia
56%
A Andrea
55%
D Daisy
55%
J Jacquelyn
55%
R Ruby
55%
S Susan
55%
A Addison
54%
G Gabriela
54%
G Gabriella
54%
J Josephine
54%
S Summer
54%
Z Zoe
54%
A Aubrey
53%
C Claire
53%
D Daniela
53%
D Daniella
53%
E Erika
53%
M Maya
53%
V Vanessa
53%
A Angelica
52%
A Angelina
52%
A Avery
52%
B Brooklyn
52%
J Juliana
52%
J Julianna
52%
C Christine
51%
E Erica
51%
K Kaylie
51%
K Kira
51%
R Ruth
51%
A Annabelle
50%
A April
50%
B Bethany
50%
J Joy
50%
K Kayleigh
50%
S Sadie
50%
T Tiffany
50%
V Valerie
50%
A Alanna
49%
C Cassandra
49%
C Courtney
49%
F Faith
49%
G Gabrielle
49%
J Josie
49%
K Kaylee
49%
M Melanie
49%
N Natalia
49%
S Sandra
49%
S Savanna
49%
S Savannah
49%
A Alana
48%
E Eleanor
48%
H Heather
48%
K Kendall
48%
M Mackenzie
48%
M Makenzie
48%
M Mckayla
48%
M Mckenzie
48%
M Mikaela
48%
M Mikayla
48%
V Veronica
48%
A Aurora
47%
C Cara
47%
G Georgia
47%
K Kara
47%
L Linda
47%
M Maggie
47%
A Aaliyah
46%
A Adriana
46%
A Adrianna
46%
C Clara
46%
E Elise
46%
K Kailey
46%
M Makayla
46%
M Michaela
46%
M Morgan
46%
S Sierra
46%
A Ariel
45%
D Destinee
45%
D Destiny
45%
K Kaleigh
45%
C Cassie
44%
C Ciara
44%
C Cierra
44%
C Crystal
44%
J Janet
44%
K Kendra
44%
K Krystal
44%
N Natasha
44%
P Patricia
44%
C Carla
43%
E Elena
43%
J Jocelyn
43%
J Jordan
43%
J Jordyn
43%
K Karla
43%
M Monica
43%
S Selena
43%
S Shannon
43%
V Vivian
43%
C Cassidy
42%
K Kassidy
42%
P Paige
42%
S Sydney
42%
A Alexia
41%
H Hallie
41%
J Jada
41%
J Jayda
41%
K Kiera
41%
K Kierra
41%
K Kyra
41%
S Sidney
41%
T Theresa
41%
B Bailee
40%
B Baylee
40%
J Jamie
40%
K Kamryn
40%
L Layla
40%
M Martha
40%
M Melody
40%
N Naomi
40%
S Sabrina
40%
B Bailey
39%
E Esther
39%
I Ivy
39%
L Lydia
39%
N Nancy
39%
T Tara
39%
A Alina
38%
C Carolina
38%
C Cora
38%
I Iris
38%
K Kassandra
38%
L Lindsay
38%
L Lindsey
38%
S Serena
38%
S Sharon
38%
S Skylar
38%
S Skyler
38%
T Tamara
38%
A Anastasia
37%
B Brenda
37%
C Carmen
37%
F Francesca
37%
K Kathleen
37%
M Miranda
37%
C Casey
36%
K Kali
36%
K Kasey
36%
K Kennedy
36%
K Kiara
36%
C Cameron
35%
C Camille
35%
C Camryn
35%
D Deborah
35%
F Fiona
35%
K Kelsie
35%
T Tessa
35%
C Carlie
34%
C Carly
34%
G Gianna
34%
P Phoebe
34%
D Dana
33%
C Carley
32%
M Mckenna
32%
T Tianna
32%
T Tori
32%
C Carolyn
31%
K Kyla
31%
M Makenna
31%
S Sasha
31%
S Shelby
31%
T Tiana
31%
D Dakota
30%
F Felicity
30%
G Gina
30%
H Halle
30%
K Kelsey
30%
L Lucia
30%
M Miriam
30%
T Talia
30%
A Ashlyn
29%
A Ashlynn
29%
B Bianca
29%
C Chelsea
29%
C Chelsey
29%
C Claudia
29%
D Denise
29%
G Gillian
29%
H Heidi
29%
J Jillian
29%
N Nadia
29%
R Renee
29%
T Trinity
29%
J Janelle
28%
L Lacey
28%
L Liliana
28%
M Marisa
28%
M Marissa
28%
P Payton
28%
P Peyton
28%
K Katrina
27%
L Lexi
27%
P Paris
27%
C Callie
26%
C Cecilia
26%
C Clarissa
26%
G Gloria
26%
L Leslie
26%
L Lesly
26%
P Pamela
26%
T Tabitha
26%
T Teresa
26%
V Valeria
26%
L Lesley
25%
M Mariana
25%
S Skye
25%
W Wendy
25%
A Alma
24%
H Harley
24%
J Jayla
24%
J Justine
24%
K Kiersten
24%
K Kirsten
24%
M Meredith
24%
S Sage
24%
T Tania
24%
I Irene
23%
K Karina
23%
M Macie
23%
M Macy
23%
N Nia
23%
S Serenity
23%
A Angie
22%
B Bridget
22%
I India
22%
M Mallory
22%
M Mariah
22%
W Whitney
22%
R Reagan
21%
R Regan
21%
C Cynthia
20%
M Malia
20%
M Marina
20%
D Deanna
19%
D Delaney
19%
K Karissa
19%
K Kiana
19%
K Krista
19%
A Alayna
18%
A Amaya
18%
C Cindy
18%
F Fatima
18%
F Felicia
18%
G Giselle
18%
G Gisselle
18%
G Genesis
17%
M Monique
17%
N Noelle
17%
A Angelique
16%
C Celeste
16%
C Colleen
16%
R Raven
16%
T Tatiana
16%
T Tatyana
16%
V Virginia
16%
E Esmeralda
15%
J Jaden
15%
J Jayden
15%
V Viviana
15%
B Brandi
14%
B Brandy
14%
C Carissa
14%
C Charity
14%
A Aliyah
13%
B Brenna
13%
D Desiree
13%
L Larissa
13%
L Logan
13%
P Paulina
13%
R Raquel
13%
S Shayla
13%
Z Zoey
13%
A Alaina
12%
A Ashton
12%
D Dominique
12%
Y Yasmin
12%
Y Yasmine
12%
A Annika
11%
A Asia
11%
H Heaven
11%
P Priscilla
11%
M Mercedes
10%
T Tiara
10%
T Tyler
10%
M Marisol
9%
A Alondra
8%
C Chasity
8%
H Hunter
7%
T Tatum
7%
T Tyra
7%
A Anahi
6%
C Cheyanne
6%
J Julissa
6%
K Kaylin
6%
R Rhiannon
6%
D Diamond
5%
G Guadalupe
4%
I Imani
4%
P Paola
3%
Y Yesenia
3%
A Ayanna
2%
J Janae
2%
S Shania
2%
T Taryn
2%
D Deja
1%
M Mayra
1%
P Precious
1%
B Brisa
0%
L Litzy
0%
T Tamia
0%
Z Zaria
0%
No matching quizzes found
Score Distribution
Percent of People with Each Score
Percentile by Number Answered
Your Score History
You have not taken this quiz